| 000 | 00601 a2200193 4500 | ||
|---|---|---|---|
| 999 |
_c6806 _d6806 |
||
| 020 | _a6912866 | ||
| 050 | 0 | 0 | _aE 185.615 SCO 1969 |
| 100 | 1 |
_aScott, Robert Lee, _d1928- _ecomp. |
|
| 245 | 1 | 4 |
_aThe rhetoric of Black power/ _c[Robert L. Scott [and] Wayne Brockriede. |
| 264 |
_aNew York : _bHapper and Row _c1969 |
||
| 300 | _aviii, 207 p. | ||
| 500 | _aIncludes bibliography refences | ||
| 504 | _aBibliography: p. [206]-207. | ||
| 650 | 0 | _aBlack power | |
| 650 | 0 |
_aAfrican Americans _xPsychology. |
|
| 700 | 1 |
_aBrockriede, Wayne, _ejoint comp. |
|
| 942 |
_2lcc _cBK _h185.615 _iSCO _kE |
||